| 000 | 00511nam a22001817a 4500 | ||
|---|---|---|---|
| 005 | 20230405114530.0 | ||
| 008 | 230405b ||||| |||| 00| 0 eng d | ||
| 040 | _cAL | ||
| 041 | _aEnglish | ||
| 082 |
_223 _a310/141 _bPAIS |
||
| 100 |
_aRichard Pais _983286 |
||
| 245 | _aSociology: AHandbook for Puc Second Year | ||
| 260 |
_aMangalore _bMangalore Sociology Association _c1998 |
||
| 300 |
_ax,133 p. _bPB _c21.5x14 cm. |
||
| 650 |
_aSociology _983287 |
||
| 700 |
_aPAIS (Richard) _983288 |
||
| 942 |
_2ddc _cDB |
||
| 999 |
_c227142 _d227142 |
||